000
00259nam a2200097Ia 4500
008
190716s9999 xx 000 0 und d
082
_a
TD-49#
100
_a
Dargar, S.C.
245
0
_a
Urbanization in western Uttar Pradesh : a spatial analysis
942
_c
MF
_2
DDC
999
_c
24659
_d
24659